00547nam a22001697a 4500003001100000005001700011008004100028040003900069041000800108082001600116110003700132245007200169260003300241300002500274650002800299650005000327LK-CoMWRAF20231218135626.0231218b1995 |||||||| |||| 00| 0 eng d aLK-CoMWRAFdLK-CoMWRAFeLK-CoMWRAF aeng a305.42bWOM a Women Living Under Muslim Laws  aAssertions of self : bthe nascent women's movement in Central Asia aLahore:bShirkat Gah, c1995 a45 p. : ill. ; 28 cm aFeminism- Asia, Central aMuslim women Asia, Central- Social conditions